000 00651nam a2200217 i 4500
001 133852
003 ES-MaACL
005 20260601155230.0
007 t|
008 070903s1928 fr ||||1| fre d
080 _a792
100 1 _aRolland, Romain,
_d1866-1944
_9239240
245 1 3 _aLe théatre su peuple
_b: essai d'esthétique d'un théatre nouveau /
_cRomain Rolland.
250 _anouv. éd.
260 _aParis :
_bAlbin Michel,
_c[1929]
300 _a251 p. ;
_c19 cm.
500 _aBiblioteca Jacinto Martínez Lacalle.
650 7 _aTeatro
_2embne
_917290
852 _aES-MaACL
_jE-12104
_bR.140009
999 _c133852
_d133852